00440 2200181 4500001002100000005001500021035002000036007000300056008004100059020002200100082001000122084001600132100000800148245001800156260003400174300003900208650001100247INLIS00000000000021120231030112125 a0010-1023000147ta231030 g 0 ind  a978-979-413-949-3 a633.1 a633.1 AKK j0 aAKK1 aJagung /cAKK aYogyakarta :bKanisius,c1993 a139 hlm, :bilus, ;c16 cm x 24 cm 4aJagung